LEADER 01536cam0 22003373 450 001 E600200036381 005 20170626133752.0 100 $a20080409d2007 |||||ita|0103 ba 101 $aita 102 $aIT 200 1 $aManuale pratico delle notifiche in Italia e all'estero$eLa notifica civile fallimentare. Penale. Amministrativa. Tributaria e internazionale. Formulario essenziale e schemi$fSandro Merz$gMarco Morgantini$gPaolo Sguotti$ghanno collaborato Alessandra De Padova [et al.] 205 $a5. ed.aggiornata e ampliata 210 $aPadova$cCEDAM$d2007 215 $aXX, 1023 p.$d24 cm.$e1 CD-ROM 225 2 $aCollana di manuali pratici-giuridici$fcur$hS.Merz 300 $aIl CD contiene: Formule e legislazione 410 1$1001LAEC00024909$12001 $a*Collana di manuali pratici-giuridici / cur. S.Merz 702 1$aMerz, Sandro$3AF00004031$4070 702 1$aMorgantini, Marco$3AF00015490$4070 702 1$aSguotti, Paolo$3AF00015491$4070 801 0$aIT$bUNISOB$c20170626$gRICA 850 $aUNISOB 852 $aUNISOB$j340$m138121 852 $aUNISOB$j340|CD$m138121. 912 $aE600200036381 940 $aM 102 Monografia moderna SBN 941 $aM 957 $a340$b006451$gCON$d138121$e1 volume$racquisto$1catenacci$2UNISOB$3UNISOB$420080409131311.0$520170626133700.0$6bethb 957 $a340|CD$b000156$gCON$d138121.$e1 CD$racquisto$1bethb$2UNISOB$3UNISOB$420170626133702.0$520170626133752.0$6bethb 996 $aManuale pratico delle notifiche in Italia e all'estero$9660841 997 $aUNISOB